000 00306nam a22001337a 4500
008 170914b xxu||||| |||| 00| 0 eng d
020 _a9780534144180
041 _aeng
080 _23 ED
_a7
100 _a44
101 _aART
245 _aTHEATRE A WAY PF SECING
_cBARRANGER.M.S
942 _2udc
_cBK
999 _c27569
_d27569